Music Quiz

Random Music or Song Quiz

Click Me ...Baby One More Time Quiz Stats

 Plays Quiz Updated Jan 4, 2014

Support Sporcle.
Go Orange.
Score 0/30 Timer 04:00
1 Play Today
% Correct
Baby
98.1%
Believe
85%
Confess
83.5%
Loneliness
80.9%
Killing
80.5%
Know
76.3%
Sign
74.6%
Time
73.2%
One
71.6%
Give
71.4%
More
71%
How
70.2%
Mind
69.7%
Lose
67.4%
Because
66%
% Correct
Supposed
65.4%
Now
64.8%
Still
64.7%
Go
63.7%
Something
63.6%
Right
61.6%
Show
61.3%
Let
60.4%
Here
60.4%
Need
60%
Have
56.9%
Reason
49.9%
Breathe
45.2%
Blinded
40.2%
Planned
35.9%

You're not logged in!

Compare scores with friends on all Sporcle quizzes.
OR
Log In

From the Vault

'H' Logos

by Quizmaster91

Oh hey there 'H' logos, we didn't see you over there!
Remove Ads.
Support Sporcle.
Get the best of Sporcle when you Go Orange. This ad-free experience offers more features, more stats, and more fun while also helping to support Sporcle. Thank you for becoming a member.

Show Comments

Extras

Top Quizzes Today


Score Distribution

Your Account Isn't Verified!

In order to create a playlist on Sporcle, you need to verify the email address you used during registration. Go to your Sporcle Settings to finish the process.

Report this User

Report this user for behavior that violates our Community Guidelines.

Details: